| 000 | 007920000a22002290004500 | ||
|---|---|---|---|
| 090 |
_aAR _b00327 |
||
| 245 | 1 | 0 | _aEvolution saisonniere de la structure des communautes microbiennes dans un reservoir D'eau potable |
| 246 | 3 | _aSeasonal evolution of microbial community structure in a drinking water reservoir | |
| 650 | 1 | 4 |
_aAgua _9161 |
| 650 | 1 | 4 |
_aTratamiento del agua _993227 |
| 650 | 1 | 4 |
_aComunidades microbianas _993204 |
| 650 | 1 | 4 |
_aZooplancton _916360 |
| 650 | 1 | 4 |
_aProtozoarios _993228 |
| 041 | 0 | _aInglés | |
| 700 | 1 |
_aBourdier, Gilles _993229 |
|
| 700 | 1 |
_aFrancois Carrias, Jean _993230 |
|
| 700 | 1 |
_aMaurin, Nadine _993231 |
|
| 700 | 1 |
_aQuiblier, Catherine _993232 |
|
| 100 | 1 |
_aAmblard, Christian _993233 |
|
| 942 | _cARTICULO | ||
| 773 | 1 |
_tWat. Res. _3136 _h3 _q613-1624 _d1996 _g30 |
|
| 999 |
_c9425 _d9425 |
||